000 00873cam a2200229 4500
001 ABS62537
008 000000n2000 000 0 eng u
035 _a(Sirsi) u107080
100 _aAinger, T.
245 _aProperty fraud crackdown
260 _c2000
490 _aProperty Week
_v65(26) 30 June 2000, 68(1)
520 _aConsiders the problem of fraud in the property management sector, following the National Audit Office report "The risk of fraud in property management". Looks at how risk management has become a focal point in government property procurement strategy, and discusses how to tackle fraudulent practices.
590 _aABS
650 _aProcurement-old
650 _aFRAUD
650 _aProperty management
_96262
650 _aRISK MANAGEMENT
650 _aNATIONAL AUDIT OFFICE
690 _aPROPERTY MANAGEMENT
_96262
942 _n0
999 _c64031
_d64031